Understanding wages system / (Record no. 123767)

MARC details
000 -LEADER
fixed length control field 00645nam a22002297a 4500
005 - DATE AND TIME OF LATEST TRANSACTION
control field 20170124105930.0
010 ## - LIBRARY OF CONGRESS CONTROL NUMBER
LC control number A-759397
020 ## - INTERNATIONAL STANDARD BOOK NUMBER
Terms of availability 80.00
035 ## - SYSTEM CONTROL NUMBER
System control number A-759397
037 ## - SOURCE OF ACQUISITION
Source of stock number/acquisition Cen Lib/Ret
040 ## - CATALOGING SOURCE
Original cataloging agency DPL
Language of cataloging EN
082 ## - DEWEY DECIMAL CLASSIFICATION NUMBER
Classification number 331.21
Item number SHA
100 ## - MAIN ENTRY--PERSONAL NAME
Personal name Sharma, A . M
9 (RLIN) 7963
245 ## - TITLE STATEMENT
Title Understanding wages system /
Statement of responsibility, etc by A . M . Sharma
260 ## - PUBLICATION, DISTRIBUTION, ETC. (IMPRINT)
Place of publication, distribution, etc Bombay
Name of publisher, distributor, etc Himalaya Publishing House
Date of publication, distribution, etc 1998
270 ## - ADDRESS
Address "Ramdoot" , Dr. Bhalerao Marg , Girgoan
City Bombay
Postal code 400004
300 ## - PHYSICAL DESCRIPTION
Extent 250p.
Dimensions 21cm(Hb)
500 ## - GENERAL NOTE
General note includes index
650 ## - SUBJECT ADDED ENTRY--TOPICAL TERM
Topical term or geographic name as entry element Wages
9 (RLIN) 1220
650 ## - SUBJECT ADDED ENTRY--TOPICAL TERM
Topical term or geographic name as entry element India
9 (RLIN) 7964
942 ## - ADDED ENTRY ELEMENTS (KOHA)
Source of classification or shelving scheme Dewey Decimal Classification
Koha item type English Books
Classification part 331.21
Call number suffix SHA
Holdings
Withdrawn status Lost status Damaged status Not for loan Home library Current library Date acquired Source of acquisition Cost, normal purchase price Total Checkouts Full call number Barcode Date last seen Copy number Cost, replacement price Price effective from Koha item type
        Central Library Central Library 12/06/2015 Cen Lib/Ret 80.00   331.21 SHA A-759397 12/06/2015 1 80.00 12/06/2015 English Books

© Delhi Public Library
Hit Counter
free hit counter